000 00480nam a2200181Ia 4500
001 16012
005 20260306170238.0
008 260306t2017||||xx |||||||||||||| ||und||
041 _aESP
082 _a346.52
_bM36
100 _aMedina Villanueva, Jorge Eduardo
_eAUT
245 0 _aLa culpa del dañado en la responsabilidad civil extracontractual
260 _c2017
300 _axi, 266 páginas :
_c24 cm.
650 _aGEN
654 _aCDE
942 _cLIB
_dJUS
_fJUS
_2ddc
_n
999 _c16012
_d16012